000 00657nam a2200253Ia 4500
003 OSt
005 20221007070722.0
006 a|||||r|||| 00| 0
007 ta
008 221006b |||||||| |||| 00| 0 eng d
020 _a9789350358948
024 _a45,037
037 _cTextual
040 _aFLL
_cFLL
_beng
041 _2eng
_aeng
082 _aB7193:Z2, Q7
100 _aSHARMA B.R.
245 0 _aScientific Criminal Investigation
250 _a2nd
260 _aGurgaon
_bUniversal Law Publishing India
_c2017
300 _al,754p.
_ccm.
942 _hB7193:Z2, Q7
_cTEXL
_2CC
999 _c1141339
_d1141339